| 000 | 00411nam a22001337a 4500 | ||
|---|---|---|---|
| 999 |
_c16134 _d16134 |
||
| 003 | NUST | ||
| 005 | 20170530113337.0 | ||
| 008 | 170530b xxu||||| |||| 00| 0 eng d | ||
| 020 | _a9789698535292 | ||
| 040 |
_aDLC _bDLC _cRCMS |
||
| 050 | _a325.3 SHA | ||
| 082 |
_a325.3 SHA _b 2015 |
||
| 245 |
_aCOLONIALISM English and Punjabi _cSafdar Ali Shah |
||
| 260 |
_aIslamabad, Pakistan _bNational University of Sciences and Technology _c2015 |
||
| 300 |
_axx, 349 p. _bIncludes index. _c23 cm. |
||
| 440 |
_aCOLONIALISM English and Punjabi _91556 |
||
| 538 | _iShelf # 13, Row # 4, Fiction. | ||
| 650 |
_a1. Colonialism english---punjabi _91557 |
||
| 856 | _3Table of Contents Only. | ||
| 942 |
_2ddc _cBK _h325.3 SHA |
||